Click to Translate - Lithuanian - Statistics

General Stats
  • This quiz has been taken 912 times
  • The average score is 8 of 20
Answer Stats
Hint Answer % Correct
Ticket Bilietas
76%
His Jo
58%
Thank you Ačiū
54%
Eighteen Aštuoniolika
54%
Tea Arbata
50%
Ear Ausis
48%
Cheese Sūris
48%
Sister Sesuo
45%
Welcome Sveiki
41%
Bird Paukštis
39%
Bed Lova
35%
West Vakarai
35%
Warm Šiltas
34%
Farmer Ūkininkas
34%
Pay Mokėti
32%
Week Savaitė
32%
Ball Kamuolys
31%
Rabbit Triušis
31%
More Daugiau
30%
Hat Skrybėlė
29%
No matching quizzes found
Score Distribution
Percent of People with Each Score
Percentile by Number Answered
Your Score History
You have not taken this quiz